Catálogo

Vista normal Vista MARC

Entrada Personal Name

Número de registros utilizados en: 1

001 - CONTROL NUMBER

  • control field: 17541

003 - CONTROL NUMBER IDENTIFIER

  • control field: DLC

005 - DATE AND TIME OF LATEST TRANSACTION

  • control field: 20251002104423.0

008 - FIXED-LENGTH DATA ELEMENTS

  • fixed length control field: 910717n| acannaab |n aaa

010 ## - LIBRARY OF CONGRESS CONTROL NUMBER

  • LC control number: n 91070748

040 ## - CATALOGING SOURCE

  • Original cataloging agency: DLC
  • Transcribing agency: Mx-PuUPA
  • Modifying agency: DLC
  • Modifying agency: Mx-PuUPA
  • Language of cataloging: spa
  • Description conventions: rda

100 10 - HEADING--PERSONAL NAME

  • Personal name: Bowen, Sally,

374 ## - OCCUPATION

  • Occupation: Autor

375 ## - GENDER

  • Gender: mujer

377 ## - ASSOCIATED LANGUAGE

  • Language code: spa
  • Language code: eng

670 ## - SOURCE DATA FOUND

  • Source citation: La Deuda gigante del Tercer Mundo, 1989:
  • Information found: t.p. (Sally Bowen)

670 ## - SOURCE DATA FOUND

  • Source citation: El espía imperfecto, c2003:
  • Information found: front cover flap (Sally Bowen; b. England, 1945)